000 01013nam a2200229Ia 4500
001 15515
005 20260407154150.0
008 260306t2015||||xx |||||||||||||| ||und||
041 _aESP
082 _a541.369
_bC235 2015
100 _aÇengel, Yunus A.
_eAUT
245 0 _aTermodinámica
260 _c2015
300 _axx, 997 páginas :
_c27 cm.
650 _aGEN
654 _aCCN
856 _uhttps://itmsp.museknowledge.com/UCSP?url=https://www.ebooks7-24.com:443/?il=9192&pg=1
_zVersión digital (2019)
856 _uhttps://0u213vhsi-y-https-ebooks7--24-com.itmsp.museknowledge.com/biblioteca.aspx
_zVéase además: Base de datos Ebook7-24
856 _uhttps://0u20fvhsm-y-https-research-ebsco-com.itmsp.museknowledge.com/c/qxo6us/search
_zVéase además: Base de datos EBSCOhost
856 _uhttps://0u21avht8-y-https-go-gale-com.itmsp.museknowledge.com/ps/start.do?authCount=1&u=ucsp&p=IFME&aty=ip
_zVéase además: Base de datos Gale OneFile Informe Académico
942 _cLIB
_dJUS
_fJUS
_2ddc
999 _c15515
_d15515